1781 1361 1122 1170 1667 1944 1228 1724 1799 1991 1457 1150 1629 1069 1432 1798 1554 1877 1710 1148 1970 1378 1659 1160 1322 1927 1571 1197 1972 1697 1622 1617 1654 1852 1540 1741 1092 1707 1220 1208 1019 1322 1211 1791 1787 1588 1982 1584 1699 2000 1436 1749 1859 1278 1324 1621 1622 1934 1462 1016 1211 1657 1811 1830 1676 1749 1569 1639 1954 1507 1404 1621 1070 1859 1279 1782 1481 1685 1679 1801 1343 1466 1047 1341 1022 1278 1976 1451 1454 1580 1185 1224 1800 1958 1424 1834 1308 1680 1404 BCNSPRNW ULIB Ver.6.0+V

เปลี่ยนเป็นภาษาไทย

Change to English
 แสดงรายละเอียดบรรณานุกรม
  กลับหน้าหลัก

Brief Record : Get Marc (ISO 2709) : E-mail record : QR code < ปิดหน้าต่าง
LEADER : 00000nam 2200000uu 4500
001    13399126315
003     ULIB
008    180905s2561||||th 000 0 tha d
020    ^a9786169163169
060    ^aWH100^bช35s
100    ^aชินดล วานิชพงษ์พันธุ์และคณะ, บก
245    ^aSymptomatology & Laboratory Interpretation in Hematology/^bชินดล วานิชพงษ์พันธุ์และคณะ, บก
250    ^aพิมพ์ครั้งที่ 1
260    ^aกรุงเทพฯ :^bคณะอนุกรรมการมะเร็งเม็ดเลือดขาวแบบเฉียบพลันในผู้ใหญ่ สมาคาโลหิตวิทยาแห่งประเทศไทย,^c2561
300    ^a234 หน้า
650    ^aมะเร็ง
650  0 ^aHematology
945    ^p350^l0^i004534
945    ^p350^l0^i004535
945    ^p350^l0^i004532
999    ^aประนอม เกษจรัล
รายการนี้ยังไม่มีแท็ก
คุณยังไม่ได้ล็อกอิน คุณสามารถมีกิจกรรมร่วมกับเว็บไซต์ได้ แต่ต้องล็อกอินก่อน ::
  ล็อกอิน

รายการสื่อสารสนเทศ

ลำดับที่ ประเภท เลขเรียก/บาร์โค้ด สถานที่ สถานะ
1. วิทยาศาสตร์การแพทย์ และสุขภาพ
หนังสือสำรอง
สถานะ=หนังสือสำรอง
WH100 ช35s ฉ.1 
  Barcode: 004532
ห้องสมุดวิทยาเขตสวรรค์ประชารักษ์
►หนังสือทั่วไป
บนชั้น
2. วิทยาศาสตร์การแพทย์ และสุขภาพ
วิทยาศาสตร์การแพทย์ และสุขภาพ
WH100 ช35s ฉ.2 
  Barcode: 004534
ห้องสมุดวิทยาเขตสวรรค์ประชารักษ์
►หนังสือทั่วไป
บนชั้น
3. วิทยาศาสตร์การแพทย์ และสุขภาพ
วิทยาศาสตร์การแพทย์ และสุขภาพ
WH100 ช35s ฉ.3 
  Barcode: 004535
ห้องสมุดวิทยาเขตสวรรค์ประชารักษ์
►หนังสือทั่วไป
บนชั้น

รายการใกล้เคียง
    ผู้แต่ง [ชินดล วานิชพงษ์พันธุ์และคณะ, บก]

    หัวเรื่อง [มะเร็ง]
    หัวเรื่อง [Hematology]

BibComment


ยังไม่เคยถูกคอมเมนท์

คอมเมนท์ทรัพยากรรายการนี้
  คอมเมนท์: Symptomatology ..


 Copyright 2026. Bcnsprnw @Library